000 00344 a2200157 4500
001 187889
020 _a
040 _cMagnum
100 _aMorais, Clemilza Maria de Oliveira
240 1 0 _aEevee, o gato malhado
_lpor
245 1 0 _aEevee, o gato malhado
300 _a16
362 0 _a2006
697 _aLITERATURA INFANTIL
942 _cBK
999 _c187889
_d187889